Sports Quiz

Random Sports or Cricket Quiz
Score 0/23 Timer 05:00
0 Plays Today
Shirt number Name % Correct
4James Adams
86.9%
15Michael Carberry
83.4%
9Nic Pothas
80.7%
7Sean Ervine
67.6%
12Dominic Cork
67.6%
6Michael Lumb
64.1%
14James Vince
62.1%
8Liam Dawson
58.6%
21James Tomlinson
58.6%
17Dimitri Mascarenhas
54.5%
22Chris Tremlett
53.8%
26Danny Briggs
52.4%
Shirt number Name % Correct
24Kevin Pietersen
51%
42Imran Tahir
49%
5John Crawley
47.6%
18David Griffiths
43.4%
20Chris Benham
40%
84David Balcombe
39.3%
45Billy Taylor
37.9%
32Tom Burrows
26.2%
37Benny Howell
17.9%
2nd XI fast bowlerTom Parsons
4.8%
38Hamza Riazuddin
2.8%
Remove Ads.
Support Sporcle.
Get the best of Sporcle when you Go Orange. This ad-free experience offers more features, more stats, and more fun while also helping to support Sporcle. Thank you for becoming a member.

You're not logged in!

Compare scores with friends on all Sporcle quizzes.
OR
Log In

Show Comments

Extras

Top Quizzes Today


Score Distribution

Your Account Isn't Verified!

In order to create a playlist on Sporcle, you need to verify the email address you used during registration. Go to your Sporcle Settings to finish the process.

Report this User

Report this user for behavior that violates our Community Guidelines.

Details: